Normal view
MARC view
Entry Topical Term
001 - CONTROL NUMBER
- control field: 7347
003 - CONTROL NUMBER IDENTIFIER
- control field: BD-RjUL
005 - DATE AND TIME OF LATEST TRANSACTION
- control field: 20230416113952.0
008 - FIXED-LENGTH DATA ELEMENTS
- fixed length control field: 230416|| aca||aabn | a|a d
040 ## - CATALOGING SOURCE
- Original cataloging agency: BD-RjUL
- Transcribing agency: BD-RjUL
150 ## - HEADING--TOPICAL TERM
- Topical term or geographic name entry element: India
- Geographic subdivision: Kosi Plain
670 ## - SOURCE DATA FOUND
- Source citation: Work cat.: (BD-RjUL)81349: Biggs, Stephen D. 7346, A Programming Model for the Agricultural Socio-Economic System to Investigate Output and Income Distribution Implications of Rural Policies :